• 首页
  • 本馆介绍
  • 公告通知
  • 最新文献
  • 馆藏检索
  • 电子资源
  • 读者导购
  • 参考咨询
  • 我的图书馆
  • 登录
  • 详细信息显示
  • 放入我的书架
  • 预约/预借图书
  • 作者相关作品
  • 分类相关作品
  • 丛书相关作品
  • 出版社相关作品

书目信息

  • 表格格式
  • 工作单格式
  • 卡片格式
题名:
国外经济管理简介
    
 
作者: 杨万春 编
分册:  
出版信息: 北京   工人出版社  1981
页数: 268页
开本: 19cm
丛书名:
单 册:
中图分类: F279.1
科图分类:
主题词: 经济管理--经验--简介--外国
电子资源:
ISBN:
000 00619nam0 2200229 45
001 0181007467
005 20070730155748.68
010    @dCNY0.65
091    @aCN@b4007.2
100    @a19950621d1981 em y0chiy0121 ea
101 0  @achi
102    @aCN@b110000
105    @ay z 000yy
200 10 @a国外经济管理简介@Aguo wai jing ji guan li jian jie@f杨万春编
210    @a北京@c工人出版社@d1981
215    @a268页@d19cm
606    @a经济管理@x经验@x简介@y外国
690    @aF279.1@v3
701  0 @a杨万春@Ayang wan chun@4编
801  2 @aCN@bNLC@c20070730
801  0 @aCN@bTSSF@c20060819
905    @a10447@dF279.1@e238
    
    国外经济管理简介/杨万春编.-北京:工人出版社,1981
    268页;19cm
    
    
    ISBN :CNY0.65
    
●
相关链接 在E读中查询图书 在五车中查询图书 在当当中查询图书 在豆瓣中查询图书


正题名:国外经济管理简介     索取号:F279.1/238         预约/预借

序号 登录号 条形码 馆藏地/架位号 状态 备注
1 0441904   204419049   密集书库/ [索取号:F279.1/238] 在馆    
2 0469448   204694483   密集书库/ [索取号:F279.1/238] 在馆    
3 0787349   207873498   密集书库/ [索取号:F279.1/238] 在馆    
唐山师范学院图书馆 欢迎您!
大连网信软件有限公司© 版权所有